Economics, management, law: socio-economic aspects of development collection of scientific articles : [international scientific and practical conference : 29.1.2016, Roma, Italy]

Gespeichert in:
Bibliographische Detailangaben
Körperschaft: Economics, management, law: socio-economic aspects of development. International scientific and practical conference
Weitere Verfasser: Drobyazko, S. I., Bianchi, Carmine, Bulut, Cagri
Format: Buch
Sprache:Englisch
Russisch
Ukrainisch
Veröffentlicht: Roma Edizioni Magi 2016
Ausgabe:1st ed.
Schlagworte:
Tags: Tag hinzufügen
Keine Tags, Fügen Sie das erste Tag hinzu!

MARC

LEADER 00000nlm a2200000 4500
001 0236912
005 20220830094521.5
020 |a 978-617-7214-17-4 
041 0 |a eng 
041 0 |a rus 
041 0 |a ukr 
044 |a IT 
245 1 0 |a Economics, management, law: socio-economic aspects of development  |b collection of scientific articles : [international scientific and practical conference : 29.1.2016, Roma, Italy]  |c science editor: S. I. Drobyazko ; reviewers: Carmine Bianchi, Cagri Bulut 
250 |a 1st ed. 
264 1 |a Roma  |b Edizioni Magi  |c 2016 
300 |a 276 s. 
610 2 0 |a veda ekonomická 
610 2 0 |a ekonómia 
610 2 0 |a manažment 
610 2 0 |a účtovníctvo 
610 2 0 |a audit 
610 2 0 |a dane 
610 2 0 |a bezpečnosť ekonomická 
610 2 0 |a metódy matematické 
610 2 0 |a správa verejná 
610 2 0 |a správa štátna 
610 2 0 |a samospráva 
610 2 0 |a právo 
610 2 0 |a ruch cestovný 
610 2 0 |a marketing 
610 2 0 |a psychológia 
610 2 0 |a pedagogika 
610 2 0 |a vzdelávanie 
610 2 0 |a rozvoj hospodársky 
610 2 0 |a rozvoj sociálny 
700 1 |a Drobyazko, S. I. 
700 1 |a Bianchi, Carmine 
700 1 |a Bulut, Cagri 
110 2 |a Economics, management, law: socio-economic aspects of development. International scientific and practical conference